• 首页
  • 本馆介绍
  • 公告通知
  • 最新文献
  • 馆藏检索
  • 电子资源
  • 读者导购
  • 参考咨询
  • 我的图书馆
  • 登录
  • 详细信息显示
  • 放入我的书架
  • 预约/预借图书
  • 作者相关作品
  • 分类相关作品
  • 丛书相关作品
  • 出版社相关作品

书目信息

  • 表格格式
  • 工作单格式
  • 卡片格式
题名:
拖拉机供油、液压、电气系统
    
 
作者: ;洛阳农业机械学院 编
分册:  
出版信息: 北京   机械工业出版社  1979
页数: 241页
开本: 26cm
丛书名:
单 册:
中图分类: S232
科图分类:
主题词: 拖拉机--结构--基本知识 , 农业机械化
电子资源:
ISBN:
000 00745nam0 2200241 45
001 0179004065
005 20061122162326.76
010    @dCNY1.25
091    @a15033.4537
100    @a19950802d1979 em y0chiy0121 ea
101 0  @achi
102    @aCN@b110000
105    @ay z 000yy
200 10 @a拖拉机供油、液压、电气系统@Atuo la ji gong you ye ya dian qi xi tong@f洛阳农业机械学院编
210    @a北京@c机械工业出版社@d1979
215    @a241页@d26cm
517 1  @a拖拉机供油液压电气系统@Atuo la ji gong you ye ya dian qi xi tong
606    @a拖拉机@x结构@x基本知识
606 0  @a农业机械化
690    @aS232@v3
711 02 @a洛阳农业机械学院@Aluo yang nong ye ji xie xue yuan@4编
801  0 @aCN@bTSSF@c20061122
905    @a10447@dS232@e10
    
    拖拉机供油、液压、电气系统/洛阳农业机械学院编.-北京:机械工业出版社,1979
    241页;26cm
    
    
    ISBN :CNY1.25
    
●
相关链接 在E读中查询图书 在五车中查询图书 在当当中查询图书 在豆瓣中查询图书


正题名:拖拉机供油、液压、电气系统     索取号:S232/10         预约/预借

序号 登录号 条形码 馆藏地/架位号 状态 备注
1 0011048   000717157   第二样本阅览室/ [索取号:S232/10] 在馆    
2 0011049   000717148   密集书库/ [索取号:S232/10] 在馆    
唐山师范学院图书馆 欢迎您!
大连网信软件有限公司© 版权所有